000 00587nam a2200217Ia 4500
003 OSt
005 20221005122126.0
006 a|||||r|||| 00| 0
007 ta
008 221004b |||||||| |||| 00| 0 eng d
024 _a66214
037 _cTextual
040 _aCRL
_cCRL
_beng
041 _2eng
_aeng
082 _aV55528:Z, J8
245 0 _aInterantional commission of hyrusts German national section rule of law in the Federal Republic of Germany
260 _c1958
650 _aHISTORY
942 _hV55528:Z, J8
_cTEXL
_2cc
999 _c1043326
_d1043326